000 01046nam a2200217Ia 4500
003 Ost
005 20260507074936.0
008 260507s9999||||xx |||||||||||||| ||und||
020 _a9957121456
040 _cfsecg
041 _aara
082 _a658.83
100 _aالطائي، حميد عبد النبي
_eمؤلف
245 0 _aبحوث التسويق :
_bمدخل نظري وتطبيقي /
_c حميد عبد النبي الطائي
260 _aعمان:
_bدار اليازوري,
_c2008
300 _a384 صفحة؛
_bإيضاحات ؛
_c25 سم
504 _aبيبليوغرافيا نهاية كل فصل ؛ ملاحق نهاية كل فصل
520 _a- يحتوي الكتاب على المحاور التالية: نظام المعلومات التسويقية نظام المعلومات التسويقية ،مقدمة في البحث التسويقي،،خطوات إعداد البحث التسويقي.الاطار الميداني لبحوث التسويق
653 _aالتسويق
942 _cكتاب
999 _c41888
_d41888